Energy Security of People's Republic of China

Závislosť ČĽR na dovoze energetických surovín. Sila a limity energií v Číne. Vývoj energetického mixu a vývoj produkcie a spotreby energií v ČĽR.

Guardado en:
Detalles Bibliográficos
Autor principal: Kuchyňková, Michaela
Formato: Capítulo de libro
Lenguaje:inglés
Materias:
Etiquetas: Agregar Etiqueta
Sin Etiquetas, Sea el primero en etiquetar este registro!

MARC

LEADER 00000nla a2200000 4500
001 0197213
005 20240502073330.4
041 0 |a eng 
044 |a SK 
245 1 0 |a Energy Security of People's Republic of China  |c Michaela Kuchyňková 
520 |a Závislosť ČĽR na dovoze energetických surovín. Sila a limity energií v Číne. Vývoj energetického mixu a vývoj produkcie a spotreby energií v ČĽR. 
610 2 0 |a Čína 
610 2 0 |a Čína 
610 2 0 |a bezpečnosť energetická 
610 2 0 |a zdroje energetické 
610 2 0 |a zdroje energie 
610 2 0 |a bezpečnosť environmentálna 
610 2 0 |a dovoz 
100 1 |a Kuchyňková, Michaela